El agua en Madrid / (Record no. 20132)

MARC details
000 -LEADER
campo de control de longitud fija 00699nam a2200217 i 4500
001 - NÚMERO DE CONTROL
campo de control 20132
003 - IDENTIFICADOR DE NÚMERO DE CONTROL
campo de control ES-MaACL
007 - CAMPO FIJO DE DESCRIPCIÓN FÍSICA--INFORMACIÓN GENERAL
campo de control de longitud fija t|
008 - DATOS DE LONGITUD FIJA--INFORMACIÓN GENERAL
campo de control de longitud fija 021107s1983 sp ||||1| spa d
020 ## - NÚMERO INTERNACIONAL ESTÁNDAR DEL LIBRO
Número Internacional Estándar del Libro 84-500-8447-4
245 03 - MENCIÓN DEL TÍTULO
Título El agua en Madrid /
Mención de responsabilidad, etc. edicion a cargo de Miguel Aguilo.
260 ## - PUBLICACIÓN, DISTRIBUCIÓN, ETC.
Lugar de publicación, distribución, etc. Madrid :
Nombre del editor, distribuidor, etc. Diputación, Area de Urbanismo y Ordenación Territorial,
Fecha de publicación, distribución, etc. [1983]
300 ## - DESCRIPCIÓN FÍSICA
Extensión 250 p. :
Otras características físicas il. ;
Dimensiones 21 cm.
490 1# - MENCIÓN DE SERIE
Mención de serie Estudios e investigaciones ;
Designación de volumen o secuencia 1
500 ## - NOTA GENERAL
Nota general Apendice legislativo: p. 225-244.
504 ## - NOTA DE BIBLIOGRAFÍA, ETC.
Nota de bibliografía, etc. Bibliografia: p. 245-250.
700 1# - ENTRADA AGREGADA--NOMBRE PERSONAL
Nombre de persona Aguiló, Miguel.
9 (RLIN) 18791
830 0# - PUNTO DE ACCESO ADICIONAL DE SERIE-TÍTULO UNIFORME
Título uniforme Estudios e investigaciones ;
Designación de volumen o secuencia 1
9 (RLIN) 182319
852 ## - LOCALIZACIÓN
Ubicación ES-MaACL
Número de control de estantería L-9121
Holdings
Estatus retirado Estado de pérdida Estado de daño No para préstamo Biblioteca de origen Biblioteca actual Ubicación en estantería Fecha de adquisición Fuente de adquisición Total de préstamos Signatura topográfica completa Código de barras Visto por última vez Precio de reemplazo Tipo de ítem Koha
        Biblioteca del Ateneo de Madrid Biblioteca del Ateneo de Madrid Depósito 2 17/01/2008     L-9121 1020633 23/02/2023 23/02/2023 Libro impreso